Citez un des personnages figurant sur ces couvertures de One Piece (3) - Statistiques

Statistiques générales
  • Ce quiz a été pris 101 fois
    77 depuis la dernière actualisation
  • Le résultat moyen est 19 sur 20
Statistiques - réponses
Par images Réponse % Correct
Charlotte Laura | Gecko Moria | Bartholomew Kuma | Nightmare Luffy | Tony-Tony Chopper | Franky | Usopp | Roronoa Zoro | Sanji | Nami | Nico Robin | Brook
100%
Makino | Curly Dadan | Sabo | Portgas D. Ace | Monkey D. Dragon | Silver
100%
Nami | Roronoa Zoro
100%
Nami | Tony-Tony Chopper | Brook
100%
Nico Robin | Rob Lucci
100%
Portgas D. Ace | Marshall D. Teach | Shanks | Edward Newgate | Monkey D. Garp | Kobby | Hermep
100%
Portgas D. Ace | Shanks | Edward Newgate | Marshall D. Teach | Jinbe
100%
Roronoa Zoro | Capone Bege | Jewelry Bonney | Basil Hawkins | Eustass Kidd | Scratchmen Apoo | Urouge | Killer | X Drake | Trafalgar D. Water Law
100%
Roronoa Zoro | Nami | Usopp | Sanji | Tony-Tony Chopper | Nico Robin | Franky | Brook | Silvers Rayleigh
100%
Roronoa Zoro | Usopp | Sanji | Nami | Franky | Tony-Tony Chopper
100%
Borsalino | Sakazuki | Kuzan | Monkey D. Garp | Sengoku
98%
Emperio Ivankov | Inazuma | Crocodile | Jinbe | Das Bones
97%
Rob Lucci | Hattori | Kaku | Jabura | Kalifa | Kumadori | Fukuro | Spandam | Funkfreed
97%
Boa Hancock | Boa Sandersonia | Boa Marigold | Salomé | Bacura
95%
Edward Newgate | Marco | Joz | Vista | Blamenco | Rakuyo | Blenheim | Curiel | Kingdew | Namur | Haruta | Atmos | Speed Jiru | Fossa | Izo
95%
Gecko Moria | Hogback | Absalom | Perona | Laura | Kumashi | Victoria Cindry
95%
Nico Robin | Nico Olvia | Sniperking | Jaguar D. Sauro
95%
Portgas D. Ace | Bentham | Galdino | Baggy | Minorhinocéros | Minokoala | Minozèbre
95%
Magellan | Hannyabal | Sadi | Saldeath
88%
Oz
88%
Aucun quiz correspondant
Distribution des résultats
% des personnes avec chaque résultat
Percentile par nombre de réponses
Votre historique - résultats
Vous n’avez pas pris ce quiz depuis la dernière actualisation